00230nam a2200085Ia 4500008004100000041000800041100002200049245003800071260003500109241105s9999 xx 000 0 und d aeng aWadhavekar Renuka aRedevelopment Of Market Yard Pune bFinal Year B. Arch, BNCAc2013